000 00417nam a2200181Ia 4500
001 11353
005 20260306162822.0
008 260306t1970||||xx |||||||||||||| ||spa||
041 _aESP
082 _a985.033
_bV18
100 _aValcárcel, Carlos Daniel
_eAUT
245 0 _aTúpac Amaru
260 _c1970
300 _a329 páginas :
_c19 cm.
650 _aGEN
654 _aCHU
942 _cLIB
_dJUS
_fJUS
_2ddc
_n
999 _c11353
_d11353